|
|
|
|
| LEADER |
00000cab a2200000 a 4500 |
| 001 |
vtls000065454 |
| 003 |
SK-MaSNL |
| 005 |
20260304224505.0 |
| 008 |
180130|1980 xo | || || | 0| slo |
| 015 |
|
|
|a SNBRB19rr/mm-uuuuu
|
| 035 |
|
|
|a CL0075554
|
| 040 |
|
|
|a SNKBUCL
|b slo
|c SNKBUCL
|e AACR2
|
| 041 |
1 |
|
|a slo
|h ukr
|
| 044 |
|
|
|a xo
|c SK
|
| 080 |
|
|
|a 883-1
|2 1981
|
| 100 |
1 |
|
|a Korotyč, Vitalij,
|d 1936-
|4 aut
|9 52230
|
| 245 |
1 |
0 |
|a Sláva tým ... [inc.]
|c Vitajij Korotyč ; preložil Vojtech Kondrót
|
| 655 |
|
7 |
|a články z novín a časopisov
|2 snkbucl
|9 267496
|
| 655 |
|
7 |
|a články z odboru literárna veda a krásna literatúra
|2 snkbucl
|9 770045
|
| 655 |
|
7 |
|a ukrajinská poézia
|2 snkbucl
|9 70502
|
| 700 |
1 |
|
|a Kondrót, Vojtech,
|d 1940-2003
|4 trl
|9 109792
|
| 773 |
0 |
|
|t Pravda
|g Roč. 61, č. 187 (9. 8. 1980), s. 5
|
| 850 |
|
|
|a Slovenská národná knižnica
|
| 852 |
|
|
|a Slovenská národná knižnica
|
| 958 |
|
|
|a RK
|
| 958 |
|
|
|a LX
|
| 958 |
|
|
|a UK
|
| 992 |
|
|
|a RBX
|
| 999 |
|
|
|c 3172339
|d 3174269
|